Statistics for Best Selling PlayStation 2 games

Click here to take the quiz!

General Stats

  • This quiz has been taken 16 times
  • The average score is 15 of 163

Answer Stats

Copies SoldGame Title% Correct
17.33 MillionGrand Theft Auto: San Andreas
85%
10.25 MillionGrand Theft Auto: Vice City
69%
8.5 MillionFinal Fantasy X
54%
4.61 MillionGod of War
54%
8.305 MillionGrand Theft Auto III
54%
11.76 MillionGran Turismo 4
54%
2.3 MillionResident Evil 4
46%
3.71 MillionRatchet & Clank
38%
2.81 MillionSpider-Man
38%
6 MillionFinal Fantasy XII
31%
4.24 MillionGod of War II
31%
5.9 MillionKingdom Hearts
31%
4.757 MillionKingdom Hearts 2
31%
3.218 MillionRatchet & Clank: Up Your Arsenal
31%
1 MillionSilent Hill 2
31%
1.93 MillionSpider-Man 2
31%
2.005 MillionTekken 4
31%
6 MillionTekken 5
31%
1.416 MillionThe Sims
31%
1.5 MillionBully
23%
5.4 MillionFinal Fantasy X-2
23%
1.702 MillionGrand Theft Auto: Liberty City Stories
23%
1.33 MillionJak 3
23%
2.128 MillionMax Payne
23%
7.03 MillionMetal Gear Solid 2: Sons of Liberty
23%
4 MillionMetal Gear Solid 3: Snake Eater
23%
2.966 MillionRatchet & Clank: Going Commando
23%
1.995 MillionStar Wars: Battlefront
23%
2.33 MillionStar Wars: Battlefront II
23%
1.04 MillionThe Incredibles
23%
2.57 MillionThe Simpsons: Hit & Run
23%
2.763 MillionCrash Bandicoot: The Wrath of Cortex
15%
1.383 MillionCrazy Taxi
15%
2.16 MillionDevil May Cry
15%
1.7 MillionDevil May Cry 2
15%
1.46 MillionFinding Nemo
15%
1.53 MillionGuitar Hero
15%
3.41 MillionGuitar Hero II
15%
4.2 MillionJak and Daxter: The Precursor Legacy
15%
1.6 MillionJak II
15%
2.5 MillionLego Star Wars: The Video Game
15%
2.3 MillionMadden NFL 2002
15%
2.53 MillionNeed for Speed: Most Wanted
15%
3.69 MillionNeed for Speed: Underground
15%
1.21 MillionPac-Man World 2
15%
1.3 MillionShrek 2
15%
1.72 MillionSonic Heroes
15%
3 MillionThe Getaway
15%
2.4 MillionTony Hawk's Pro Skater 3
15%
1.42 MillionTony Hawk's Pro Skater 4
15%
2.42 MillionTony Hawk's Underground
15%
1.5 MillionTony Hawk's Underground 2
15%
2.3 MillionDevil May Cry 3: Dante's Awakening
8%
14.89 MillionGran Turismo 3: A-Spec
8%
1.56 MillionGran Turismo Concept
8%
3.234 MillionGuitar Hero III: Legends of Rock
8%
1.046 MillionHarry Potter and the Chamber of Secrets
8%
1.236 MillionMadden NFL 2001
8%
3.18 MillionMadden NFL 2003
8%
3.95 MillionMadden NFL 2004
8%
4.35 MillionMadden NFL 2005
8%
3.55 MillionMedal of Honor: Frontline
8%
2.52 MillionMedal of Honor: Rising Sun
8%
2.169 MillionRatchet: Deadlocked
8%
1.74 MillionSonic Mega Collection Plus
8%
2.467 MillionTekken Tag Tournament
8%
1.374 MillionThe Lord of the Rings: The Return of the King
8%
2.24 MillionThe Simpsons: Road Rage
8%
1.12 MillionTwisted Metal: Black
8%
2.07 Million007: Agent Under Fire
0%
2.64 MillionAce Combat 04: Shattered Skies
0%
1.802 MillionAce Combat 05: The Unsung War
0%
1.99 MillionATV Offroad Fury
0%
1.77 MillionATV Offroad Fury 2
0%
1.4 MillionBratz: Rock Angelz
0%
1.338 MillionBurnout 3: Takedown
0%
1.714 MillionCall of Duty: Finest Hour
0%
1.2 MillionDark Cloud
0%
1.09 MillionDDRMAX2 Dance Dance Revolution
0%
1.245 MillionDirge of Cerberus: Final Fantasy VII
0%
2.61 MillionDragon Ball Z: Budokai
0%
2.084 MillionDragon Ball Z: Budokai 2
0%
1.836 MillionDragon Ball Z: Budokai 3
0%
1.18 MillionDragon Ball Z: Budokai Tenkaichi 2
0%
3 MillionDragon Ball Z: Budokai Tenkaichi 3
0%
4.88 MillionDragon Quest VIII: Journey of the Cursed King
0%
1.811 MillionDragon Quest V: Tenku no Hanayome
0%
2.295 MillionDynasty Warriors 3
0%
2.515 MillionDynasty Warriors 4
0%
1.616 MillionEnter the Matrix
0%
1.19 MillionESPN NBA 2K5
0%
2 MillionESPN NFL 2K5
0%
2.17 MillionEverybody's Golf 3
0%
1.25 MillionEverybody's Golf 4
0%
4 MillionEyeToy: Play
0%
1.1 MillionFight Night 2004
0%
1.4 MillionGran Turismo 4 Prologue
0%
1 MillionGuitar Hero Encore: Rocks the 80s
0%
1.412 MillionHitman 2: Silent Assassin
0%
1.808 MillionJames Bond 007: Nightfire
0%
1.15 MillionJissen Pachi-Slot Hisshoho! Hokuto no Ken
0%
1.38 MillionLego Star Wars II: The Original Trilogy
0%
1.31 MillionMadagascar
0%
3.77 MillionMadden NFL 06
0%
2.8 MillionMadden NFL 07
0%
1.9 MillionMadden NFL 08
0%
1.1 MillionMidnight Club 3: Dub Edition
0%
1.28 MillionMidnight Club II
0%
1.976 MillionMidnight Club: Street Racing
0%
1.7 MillionMortal Kombat: Deadly Alliance
0%
1.02 MillionMVP Baseball 2004
0%
1.14 MillionMVP Baseball 2005
0%
1.8 MillionNamco Museum
0%
1.063 MillionNaruto: Ultimate Ninja 2
0%
1.278 MillionNBA Live 06
0%
1.191 MillionNBA Live 2003
0%
1.488 MillionNBA Live 2004
0%
1.98 MillionNBA Live 2005
0%
1.713 MillionNBA Street
0%
1.6 MillionNBA Street Vol. 2
0%
1.39 MillionNCAA Football 06
0%
1.32 MillionNCAA Football 07
0%
1 MillionNCAA Football 2003
0%
1.28 MillionNCAA Football 2004
0%
1.61 MillionNeed for Speed: Hot Pursuit 2
0%
2.106 MillionNeed for Speed: Underground 2
0%
1.27 MillionNFL Blitz Pro
0%
2.1 MillionOnimusha 2: Samurai's Destiny
0%
1.52 MillionOnimusha 3: Demon Siege
0%
2.02 MillionOnimusha: Warlords
0%
2.859 MillionPro Evolution Soccer 2
0%
3.271 MillionPro Evolution Soccer 3
0%
3.133 MillionPro Evolution Soccer 4
0%
2.006 MillionPro Evolution Soccer 5
0%
1.889 MillionPro Evolution Soccer 6
0%
1.4 MillionResident Evil Code: Veronica X
0%
1.45 MillionResident Evil Outbreak
0%
1.509 MillionSamurai Warriors
0%
1.22 MillionScarface: The World Is Yours
0%
1.17 MillionScooby-Doo! Night of 100 Frights
0%
1 MillionSly Cooper and the Thievius Racoonus
0%
2.171 MillionSOCOM II U.S. Navy SEALs
0%
2.78 MillionSOCOM U.S. Navy SEALs
0%
2.45 MillionSonic Unleashed
0%
1.31 MillionSoulcalibur II
0%
1.07 MillionSpy Hunter
0%
1.363 MillionStar Ocean: Till the End of Time
0%
1.771 MillionStar Wars: Episode III - Revenge of the Sith
0%
2.51 MillionThe Lord of the Rings: The Two Towers
0%
1.43 MillionTiger Woods PGA Tour 2004
0%
1.329 MillionTom Clancy's Ghost Recon
0%
1.178 MillionTom Clancy's Splinter Cell
0%
2.085 MillionTrue Crime: Streets of L.A.
0%
1.5 MillionVirtua Fighter 4
0%
1.585 MillionWWE SmackDown! Here Comes the Pain
0%
1.743 MillionWWE SmackDown! Shut Your Mouth
0%
2 MillionWWE SmackDown! vs. Raw
0%
2.9 MillionWWE SmackDown! vs. Raw 2006
0%
1.53 MillionWWE SmackDown vs. Raw 2007
0%
1.486 MillionWWF SmackDown! Just Bring It
0%
1 MillionXenosaga Episode 1: Der Wille zur Macht
0%
1.7 MillionYakuza
0%
1.446 MillionYu-Gi-Oh! The Duelists of the Roses
0%

Score Distribution

Percentile by Number Answered

Percent of People with Each Score

Your Score History

You have not taken this quiz